| 000 | 00457cam a2200193ua 4500 | ||
|---|---|---|---|
| 020 | _c2.25 | ||
| 041 |
_aeng _h |
||
| 082 |
_a547 _bSON/EL |
||
| 100 | _aSoni, P L . | ||
| 245 |
_aElementary organic chemistry / _cP L Soni. _hTextual Documents |
||
| 250 |
_a6 / _b. |
||
| 260 |
_aNew Delhi : _bS.Chand and Co , _c1964. |
||
| 300 | _a144 ; . | ||
| 365 | _a2.25 | ||
| 504 | _a | ||
| 700 | 1 | _aKharaiti, Ram . | |
| 942 | _cBK | ||
| 999 |
_c7541 _d7541 |
||